| 000 | 00594nam a2200181 a 4500 | ||
|---|---|---|---|
| 005 | 20210223121721.0 | ||
| 008 | 991125s1970 mx 000 0 spa u | ||
| 035 | _aUPN01000022585 | ||
| 049 | _aSEP | ||
| 050 | 4 |
_aPN597 _bS3.4 |
|
| 100 | 1 |
_aSchneider, Luis Mario, _d1931-1999 |
|
| 245 | 1 | 3 |
_aEl estridentismo o una literatura de la estrategia / _cLuis Mario Schneider. |
| 260 |
_aMéxico : _bEdiciones de Bellas Artes, _c1970. |
||
| 300 | _a244 p., [16] p. de láms. | ||
| 440 | 0 |
_aEstudios literarios ; _v5 |
|
| 650 | 4 |
_aESTRIDENTISMO (MOVIMIENTO LITERARIO) - _zMEXICO _911174 |
|
| 905 | _aLibro | ||
| 999 |
_c22585 _d22585 |
||